Normal view
MARC view
- Robert E.Reed-Hill, Reza Abbaschian
Entry Personal Name
001 - CONTROL NUMBER
- control field: 127760
003 - CONTROL NUMBER IDENTIFIER
- control field: NUST
005 - DATE AND TIME OF LATEST TRANSACTION
- control field: 20250131111435.0
008 - FIXED-LENGTH DATA ELEMENTS
- fixed length control field: 250131|| aca||aabn | a|a d
040 ## - CATALOGING SOURCE
- Original cataloging agency: NUST
- Transcribing agency: NUST
100 ## - HEADING--PERSONAL NAME
- Personal name: Robert E.Reed-Hill, Reza Abbaschian
670 ## - SOURCE DATA FOUND
- Source citation: Work cat.: (NUST)565671: Robert E.Reed-Hill, Reza Abbaschian, Physical Metallurgy Principles /, 1994
